1031 1194 1736 1847 1931 1821 1740 1811 1747 1853 1209 1526 1088 1981 1083 1295 1757 1422 1504 1664 1434 1681 1868 1357 1559 1209 1986 1573 1288 1562 1046 1486 1346 1296 1177 1285 1444 1785 1458 1926 1351 1786 1871 1412 1913 1530 1831 1764 1926 1027 1019 1714 1278 1776 1639 1754 1837 1327 1899 1867 1713 1772 1413 1720 1594 1441 1059 1076 1652 1074 1554 1281 1367 1098 1347 1077 1361 1603 1383 1113 1070 1591 1708 1467 1520 1652 1369 1465 1542 1002 1528 1950 1929 1664 1877 1289 1330 1076 1548 BCNSPRNW ULIB Ver.6.0+V

เปลี่ยนเป็นภาษาไทย

Change to English
 แสดงรายละเอียดบรรณานุกรม
  กลับหน้าหลัก

Brief Record : Get Marc (ISO 2709) : E-mail record : QR code < ปิดหน้าต่าง
LEADER : 00000nam 2200000uu 4500
001    13399113573
003     ULIB
008    020711s2549 th a 000 0 tha d
020    ^a97897438967
090    ^aนว.ช229ก 2549
100    ^aชลลดา ชะบางบอน
245    ^aแก้วหน้าม้า (ฉบับการ์ตูน)/^cชลลดา ชะบางบอน
250    ^aพิมพ์ครั้งที่ 1
260    ^aปทุมธานี :^bสกายบุคส์,^c2549
300    ^a178 หน้า
945    ^p0^l0^i018634
995    ทศพร
999 ^a ทศพร
รายการนี้ยังไม่มีแท็ก
คุณยังไม่ได้ล็อกอิน คุณสามารถมีกิจกรรมร่วมกับเว็บไซต์ได้ แต่ต้องล็อกอินก่อน ::
  ล็อกอิน

รายการสื่อสารสนเทศ

ลำดับที่ ประเภท เลขเรียก/บาร์โค้ด สถานที่ สถานะ
1. นวนิยาย
นวนิยาย
นว.ช229ก 2549 ฉ.1 
  Barcode: 018634
ห้องสมุดวิทยาเขตสวรรค์ประชารักษ์
►นวนิยาย
บนชั้น
  ขอยืม

BibComment


ยังไม่เคยถูกคอมเมนท์

คอมเมนท์ทรัพยากรรายการนี้
  คอมเมนท์: แก้วหน้าม้า ฉบับ..


 Copyright 2026. Bcnsprnw @Library